| 000 | 00807nam a2200241 a 4500 | ||
|---|---|---|---|
| 003 | CO-ViMGA | ||
| 005 | 20230915233128.0 | ||
| 008 | 130201s2012 sp a jr 00011 spa d | ||
| 020 | _a9788492608560 | ||
| 040 |
_aCO-ViMGA _bspa _cCO-ViMGA |
||
| 043 | _as-ve--- | ||
| 090 | _aC FALl | ||
| 100 | 1 |
_aFalcón Maldonado, Cristina, _d1963- _93102 |
|
| 245 | 1 | 0 |
_aLetras : _ben los cordones / _cCristina Falcón Maldonado ; ilustraciones de Marina Marcolin. |
| 260 |
_aSevilla : _bKalandraka, _c2012. |
||
| 300 |
_a[24] p. : _bil. ; _c22 cm. |
||
| 490 | 0 | _aLibros para soñar | |
| 650 | 1 | 4 |
_aCuentos infantiles venezolanos. _93103 |
| 650 | 1 | 4 |
_aLetras _x Libros ilustrados para niños. _93104 |
| 650 | 1 | 4 |
_aLibros ilustrados para niños. _987 |
| 700 | 1 |
_aMarcolin, Marina, _eil. _93105 |
|
| 942 |
_2ddc _cBK |
||
| 999 |
_c35424 _d35424 |
||